[Event "2016 Northern Alberta Open"]
[Site "Edmonton"]
[Date "2016.02.28"]
[Round "4.1"]
[White "Valencia, Belsar"]
[Black "Villavieja, Butch"]
[Result "1-0"]
[WhiteElo "2327"]
[BlackElo "2151"]
[PlyCount "114"]
[EventDate "2016.02.27"]
[EventType "swiss"]
[EventRounds "5"]
[EventCountry "CAN"]

1. c4 Nf6 2. Nc3 g6 3. g3 Bg7 4. Bg2 O-O 5. Nf3 d6 6. O-O Nc6 7. Rb1 e5 8. d3
a6 9. h3 Nd4 10. Ne1 c6 11. Bg5 h6 12. Bxf6 Qxf6 13. e3 Ne6 14. b4 Nc7 15. a4
Qd8 16. b5 axb5 17. axb5 Bd7 18. bxc6 bxc6 19. Nc2 Qc8 20. Kh2 f5 21. Nb4 Ne6
22. Qe2 Kh8 23. Rfc1 Rb8 24. Nc2 Qc7 25. Qd2 Nc5 26. Rxb8 Rxb8 27. Rb1 Rb3 28.
Rxb3 Nxb3 29. Qd1 Qa5 30. Ne2 Qd2 31. Qxd2 Nxd2 32. Na3 Bf8 33. d4 e4 34. Nc3
Bc8 35. Ncb1 Nb3 36. Kg1 Ba6 37. Bf1 Kg7 38. Nc2 Kf7 39. Nb4 Bb7 40. Be2 Be7
41. Bd1 Na5 42. Nd2 Bf6 43. Nb3 Nxc4 44. Be2 d5 45. Nc5 Be7 46. Bxc4 dxc4 47.
Kf1 Bc8 48. Nxc6 Bd6 49. Ke2 Bc7 50. Kd2 Be6 51. Kc3 Bd5 52. Ne5+ Kg7 53. Nxc4
g5 54. Na6 Bd8 55. Nb4 Be6 56. Nc6 Bf6 57. Nd6 Kf8 {...(on move 85)} 1-0

[Event "2016 Northern Alberta Open"]
[Site "Edmonton"]
[Date "2016.02.28"]
[Round "4.2"]
[White "Findlay, Ian"]
[Black "Matras-Clement, Agnieszka"]
[Result "0-1"]
[WhiteElo "2275"]
[BlackElo "2327"]
[PlyCount "152"]
[EventDate "2016.02.27"]
[EventType "swiss"]
[EventRounds "5"]
[EventCountry "CAN"]

1. e4 e5 2. Nf3 Nc6 3. Bb5 a6 4. Ba4 Nge7 5. c3 g6 6. d4 exd4 7. Nxd4 b5 8. Bb3
Bg7 9. Be3 Na5 10. Bc2 Nc4 11. Bc1 O-O 12. O-O Bb7 13. Re1 d5 14. exd5 Nxd5 15.
Nd2 Nxd2 16. Bxd2 c5 17. Nf3 Qc7 18. Bg5 h6 19. Bh4 Rfe8 20. Qd2 Nb6 21. Bg3
Qc6 22. Rad1 Nc4 23. Qc1 Rad8 24. Bb3 Rxe1+ 25. Nxe1 Re8 26. Nf3 Re2 27. Bxc4
bxc4 28. Re1 Qe6 29. Kf1 Bxf3 30. gxf3 Rxe1+ 31. Qxe1 Qd5 32. Kg2 Bf6 33. Qe4
Qd2 34. Qc6 Kg7 35. Qxc5 Qxb2 36. Qxc4 a5 37. a4 Qxc3 38. Qxc3 Bxc3 39. Kf1 f5
40. Ke2 Kf6 41. Kd3 Be5 42. Bxe5+ Kxe5 43. Kc4 Kf4 44. Kb5 Kxf3 45. Kxa5 Kxf2
46. Kb4 f4 47. a5 f3 48. a6 Kg1 49. a7 f2 50. a8=Q f1=Q 51. Qe4 g5 52. Qd4+
Kxh2 53. Qd2+ Kg3 54. Qe3+ Kh4 55. Qe6 h5 56. Ka4 g4 57. Qe7+ Kh3 58. Qg5 h4
59. Qd5 g3 60. Qe6+ Kh2 61. Qe5 h3 62. Qd6 Qc4+ 63. Ka5 Qe4 64. Kb5 Qe2+ 65.
Ka5 Kg2 66. Qd5+ Kg1 67. Qc5+ Qf2 68. Qc1+ Kh2 69. Qc7 Kh1 70. Qc1+ Qg1 71. Qc3
Qa7+ 72. Kb5 Qd7+ 73. Ka5 g2 74. Qf3 Qc7+ 75. Ka6 Kh2 76. Qe2 Qf4 0-1

[Event "2016 Northern Alberta Open"]
[Site "Edmonton"]
[Date "2016.02.28"]
[Round "4.5"]
[White "Zeggelaar, Mike"]
[Black "Gardner, Robert"]
[Result "0-1"]
[WhiteElo "2093"]
[BlackElo "2269"]
[PlyCount "110"]
[EventDate "2016.02.27"]
[EventType "swiss"]
[EventRounds "5"]
[EventCountry "CAN"]

1. e4 c5 2. d4 cxd4 3. c3 Nf6 4. e5 Nd5 5. Qxd4 e6 6. Nf3 Nc6 7. Qe4 f5 8. Qe2
Be7 9. g3 O-O 10. Bg2 d6 11. c4 Nb6 12. Nbd2 dxe5 13. Nxe5 Nxe5 14. Qxe5 Bf6
15. Qe2 e5 16. O-O Qc7 17. b3 e4 18. Rb1 Rd8 19. Bb2 Qd6 20. Bxf6 Qxf6 21. Rfd1
Be6 22. Nf1 Nd7 23. f3 Nc5 24. fxe4 Nxe4 25. Bxe4 fxe4 26. Ne3 Qg6 27. Rxd8+
Rxd8 28. Rd1 Rd3 29. Rxd3 exd3 30. Qd2 Qe4 31. Nd5 Bxd5 32. cxd5 Qxd5 33. Kf2
Qc5+ 34. Kf3 Qd4 35. Qf2 Qc3 36. Qe3 Qc6+ 37. Kf2 Qc2+ 38. Kf3 Kf7 39. Qf4+ Ke6
40. Qe4+ Kd6 41. Qd4+ Kc6 42. Qa4+ Kc5 43. Qxa7+ Kb4 44. Qa4+ Kc3 45. Qa3 Qe2+
46. Kf4 Qf2+ 47. Ke4 Qd4+ 48. Kf3 d2 49. b4+ Kc2 50. Qb3+ Kc1 51. Qa3+ Qb2 52.
Qe3 Qxb4 53. h3 Kc2 54. Qe2 Qc3+ 55. Kf2 Kc1 0-1

[Event "2016 Northern Alberta Open"]
[Site "Edmonton"]
[Date "2016.02.28"]
[Round "4.6"]
[White "Miller, David"]
[Black "Young, Joseph"]
[Result "1-0"]
[WhiteElo "2239"]
[BlackElo "1864"]
[PlyCount "77"]
[EventDate "2016.02.27"]
[EventType "swiss"]
[EventRounds "5"]
[EventCountry "CAN"]

1. e4 Nc6 2. Nf3 d6 3. d4 Bg4 4. d5 Nb8 5. h3 Bh5 6. c4 Nd7 7. Be2 Bxf3 8. Bxf3
g6 9. O-O Bg7 10. Qc2 Ngf6 11. Nc3 O-O 12. Bg5 h6 13. Be3 Kh7 14. b4 b6 15.
Rac1 a6 16. Be2 Re8 17. f4 a5 18. a3 axb4 19. axb4 Ra3 20. Bd4 Ng8 21. Bxg7
Kxg7 22. Qb2 Ra8 23. Nb5+ Kh7 24. Ra1 Rxa1 25. Rxa1 Nb8 26. Nd4 e5 27. dxe6
fxe6 28. f5 exf5 29. exf5 Qf6 30. fxg6+ Kh8 31. Rb1 Ne7 32. Rf1 Qe5 33. Qd2 Qg7
34. Ne6 Qxg6 35. Qd4+ Kg8 36. Rf6 Qb1+ 37. Kh2 Nf5 38. Qg4+ Kh8 39. Rxh6+ 1-0

[Event "2016 Northern Alberta Open"]
[Site "Edmonton"]
[Date "2016.02.28"]
[Round "4.8"]
[White "Ebrahim-Shirazi, Behrooz"]
[Black "Jawad, Atheer"]
[Result "0-1"]
[WhiteElo "2077"]
[BlackElo "1817"]
[PlyCount "66"]
[EventDate "2016.02.27"]
[EventType "swiss"]
[EventRounds "5"]
[EventCountry "CAN"]

1. d4 f5 2. g3 Nf6 3. Bg2 e6 4. Nf3 Be7 5. O-O O-O 6. c4 d5 7. b3 c6 8. Ba3
Bxa3 9. Nxa3 Qe7 10. Nc2 b6 11. Ne5 Bb7 12. e3 Na6 13. cxd5 exd5 14. Qd3 g6 15.
Nxc6 Bxc6 16. Qxa6 Rac8 17. Qa3 Qxa3 18. Nxa3 Rc7 19. Rfd1 Rfc8 20. Bf1 Ne4 21.
Bd3 Nd6 22. Rdc1 Bd7 23. Rxc7 Rxc7 24. Rd1 Kf7 25. f3 b5 26. Nb1 b4 27. Kf2 Bb5
28. a4 Bxd3 29. Rxd3 Rc2+ 30. Nd2 Ne4+ 31. Ke2 Nc3+ 32. Kf1 Nd1 33. Nb1 Nb2 0-1

[Event "2016 Northern Alberta Open"]
[Site "Edmonton"]
[Date "2016.02.28"]
[Round "4.8"]
[White "Pisanski, Piotr"]
[Black "Nerubenko, Cyril"]
[Result "0-1"]
[WhiteElo "1694"]
[BlackElo "2129"]
[PlyCount "26"]
[EventDate "2016.02.27"]
[EventType "swiss"]
[EventRounds "5"]
[EventCountry "CAN"]

1. e4 c5 2. Nf3 Nc6 3. d4 cxd4 4. Nxd4 Nf6 5. Nc3 e5 6. Nf3 Bb4 7. Bg5 Qa5 8.
Qd3 Nxe4 9. Qxe4 d5 10. Qd3 d4 11. O-O-O dxc3 12. Nxe5 O-O 13. Nxc6 Qxg5+ 0-1

[Event "2016 Northern Alberta Open"]
[Site "Edmonton"]
[Date "2016.02.28"]
[Round "4.11"]
[White "Dave, Bhavik"]
[Black "Daniluk, Jim"]
[Result "1/2-1/2"]
[WhiteElo "1743"]
[BlackElo "2062"]
[PlyCount "130"]
[EventDate "2016.02.27"]
[EventType "swiss"]
[EventRounds "5"]
[EventCountry "CAN"]

1. d4 Nf6 2. c4 Nc6 3. Nf3 e6 4. Nc3 Bb4 5. Qc2 d5 6. e3 O-O 7. Bd3 Re8 8. O-O
Bf8 9. a3 a5 10. Rd1 h6 11. e4 Nxe4 12. Nxe4 dxe4 13. Bxe4 Qf6 14. Bd2 Nxd4 15.
Nxd4 Qxd4 16. Bxh6 Qe5 17. Re1 Qh5 18. Bd2 Bd6 19. f4 Bc5+ 20. Kh1 Bf2 21. Rf1
Bg3 22. h3 e5 23. f5 Ra6 24. Be1 Bf4 25. Bf3 Qh6 26. Rd1 Rf6 27. Bg4 g6 28. Bd2
gxf5 29. Bxf4 exf4 30. Bf3 c6 31. Qf2 Rfe6 32. Rd3 Re3 33. Rfd1 Qe6 34. b3 a4
35. Qh4 Rxd3 36. Rxd3 Qe1+ 37. Qxe1 Rxe1+ 38. Kh2 axb3 39. Rxb3 Rc1 40. Rd3 Be6
41. Rd8+ Kg7 42. Rb8 Rxc4 43. Rxb7 Bd5 44. Bxd5 cxd5 45. Rd7 Rc5 46. Kg1 Kf6
47. Kf2 Ke6 48. Ra7 Rc2+ 49. Kf3 Rc4 50. a4 Ke5 51. Re7+ Kf6 52. Ra7 Re4 53. a5
d4 54. a6 Kg5 55. Ra8 Re3+ 56. Kf2 Ra3 57. a7 Kf6 58. Rd8 Rxa7 59. Rxd4 Ke5 60.
Rb4 Ra2+ 61. Kf3 Ra3+ 62. Kf2 Rg3 63. Rb5+ Kf6 64. Rb7 Re3 65. Rb8 Rc3 1/2-1/2

[Event "2016 Northern Alberta Open"]
[Site "Edmonton"]
[Date "2016.02.28"]
[Round "4.13"]
[White "Hughey, Leah"]
[Black "Briones, Dante"]
[Result "0-1"]
[WhiteElo "1715"]
[BlackElo "2012"]
[PlyCount "44"]
[EventDate "2016.02.27"]
[EventType "swiss"]
[EventRounds "5"]
[EventCountry "CAN"]

1. e4 c5 2. Nf3 Nc6 3. c3 d5 4. exd5 Qxd5 5. Bb5 Bg4 6. d4 cxd4 7. Bxc6+ Qxc6
8. cxd4 Bxf3 9. gxf3 O-O-O 10. Bf4 Qb6 11. Nd2 Rd7 12. Rc1+ Kd8 13. Qc2 e6 14.
Qc8+ Ke7 15. Rc7 Rxc7 16. Bxc7 Qxd4 17. Nc4 Nh6 18. Bd6+ Kf6 19. Be5+ Qxe5+ 20.
Nxe5 Bb4+ 21. Qc3 Bxc3+ 22. bxc3 Kxe5 0-1

[Event "2016 Northern Alberta Open"]
[Site "Edmonton"]
[Date "2016.02.28"]
[Round "5.1"]
[White "Matras-Clement, Agnieszka"]
[Black "Valencia, Belsar"]
[Result "0-1"]
[WhiteElo "2309"]
[BlackElo "2358"]
[PlyCount "98"]
[EventDate "2016.02.27"]
[EventType "swiss"]
[EventRounds "5"]
[EventCountry "CAN"]

1. e4 c5 2. Nf3 e6 3. d4 cxd4 4. Nxd4 a6 5. Nc3 Qc7 6. Bd3 Nc6 7. Nxc6 bxc6 8.
O-O Nf6 9. Qe2 d6 10. f4 Be7 11. Kh1 d5 12. f5 e5 13. Bd2 Bb7 14. Rae1 d4 15.
Na4 c5 16. b3 c4 17. Bxc4 Nxe4 18. Bc1 Bd6 19. Bd3 Nf6 20. Bg5 O-O 21. Bxf6
gxf6 22. Nb2 Kh8 23. Be4 Rg8 24. Nc4 Bxe4 25. Qxe4 Bb4 26. Re2 Rac8 27. Rf3 Bf8
28. Qh4 Qc6 29. Rh3 h6 30. Re4 Rg5 31. Rg4 Kg8 32. Rhg3 Bg7 33. h3 Re8 34. Kh2
Kf8 35. Nd2 Qxc2 36. Ne4 Ke7 37. Nxg5 fxg5 38. Qh5 Qxf5 39. h4 Qg6 40. Qxg6
fxg6 41. hxg5 h5 42. Re4 Kd6 43. Rf3 Kd5 44. Re1 e4 45. Rf7 Be5+ 46. Kg1 e3 47.
Kf1 Ke4 48. Rf3 Rc8 49. a3 Bf4 0-1

[Event "2016 Northern Alberta Open"]
[Site "Edmonton"]
[Date "2016.02.28"]
[Round "5.2"]
[White "Gardner, Robert"]
[Black "Laceste, Loren"]
[Result "1-0"]
[WhiteElo "2241"]
[BlackElo "2280"]
[PlyCount "141"]
[EventDate "2016.02.27"]
[EventType "swiss"]
[EventRounds "5"]
[EventCountry "CAN"]

1. d4 Nf6 2. c4 e6 3. Nc3 d5 4. cxd5 exd5 5. Bg5 Be7 6. e3 c6 7. Qc2 h6 8. Bh4
O-O 9. Bd3 Re8 10. Nge2 Nbd7 11. O-O Ne4 12. Bxe7 Qxe7 13. Rae1 Ndf6 14. Nf4
Bd7 15. f3 Nxc3 16. bxc3 c5 17. Qd2 Qd6 18. Bb1 Bb5 19. Rf2 Rad8 20. Nd3 Nd7
21. Qc2 g6 22. h4 Bxd3 23. Qxd3 c4 24. Qd2 Nf6 25. Rff1 Qg3 26. Qf2 Qxf2+ 27.
Kxf2 b5 28. a3 Rd6 29. Bc2 a5 30. Rb1 Rb6 31. Rb2 Reb8 32. Rfb1 Ne8 33. e4 Nc7
34. Ba4 Kf8 35. g4 Ke7 36. e5 Kd7 37. f4 Kc6 38. Bc2 Na6 39. Ke2 b4 40. axb4
axb4 41. cxb4 Nxb4 42. Ba4+ Kc7 43. Kd2 Kd8 44. f5 gxf5 45. gxf5 c3+ 46. Kxc3
Rc8+ 47. Kd2 Rc4 48. Ke3 Rc3+ 49. Ke2 Rc4 50. Rd2 Rc3 51. Rg1 Nc6 52. Bxc6
Rbxc6 53. Rg8+ Ke7 54. Ra2 Rc2+ 55. Rxc2 Rxc2+ 56. Kd3 Rh2 57. f6+ Ke6 58. Re8+
Kf5 59. Rd8 Rh3+ 60. Kc2 Rxh4 61. Rxd5 Re4 62. Kd3 Re1 63. Rd8 h5 64. Rh8 Rd1+
65. Kc3 Kg5 66. Rh7 Rc1+ 67. Kb4 Rc7 68. d5 Kg6 69. Rh8 Kf5 70. Rxh5+ Ke4 71.
e6 1-0

[Event "2016 Northern Alberta Open"]
[Site "Edmonton"]
[Date "2016.02.28"]
[Round "5.3"]
[White "Villavieja, Butch"]
[Black "Haynes, Nicolas"]
[Result "0-1"]
[WhiteElo "2134"]
[BlackElo "2274"]
[PlyCount "76"]
[EventDate "2016.02.27"]
[EventType "swiss"]
[EventRounds "5"]
[EventCountry "CAN"]

1. e4 e5 2. Nf3 Nc6 3. Bc4 Nf6 4. d3 Bc5 5. c3 d6 6. O-O O-O 7. h3 h6 8. Nbd2
a6 9. Bb3 Ba7 10. Re1 Ne7 11. Nf1 Ng6 12. Ng3 Re8 13. Qe2 Nh7 14. Nh5 Nf6 15.
Nh2 Be6 16. Bc2 Nxh5 17. Qxh5 Qf6 18. Be3 Nf4 19. Qf3 g5 20. Kh1 Qg6 21. g4 Kg7
22. d4 Bd7 23. Rac1 Rh8 24. Bxf4 gxf4 25. Rg1 Qf6 26. d5 Qh4 27. Rg2 Kf8 28.
Nf1 h5 29. Rh2 Ke7 30. Qe2 hxg4 31. hxg4 Qxg4 32. Bd1 Rxh2+ 33. Nxh2 Qxe2 34.
Bxe2 Bxf2 35. Kg2 Be3 36. Rh1 Rg8+ 37. Kf1 Bh3+ 38. Ke1 Bg2 0-1

[Event "2016 Northern Alberta Open"]
[Site "Edmonton"]
[Date "2016.02.28"]
[Round "5.4"]
[White "Nerubenko, Cyril"]
[Black "Miller, David"]
[Result "0-1"]
[WhiteElo "2129"]
[BlackElo "2239"]
[PlyCount "38"]
[EventDate "2016.02.27"]
[EventType "swiss"]
[EventRounds "5"]
[EventCountry "CAN"]

1. e4 c5 2. c3 d5 3. exd5 Qxd5 4. d4 g6 5. Na3 Bg7 6. Be3 cxd4 7. Nb5 Na6 8.
Qa4 Bd7 9. Qxa6 bxa6 10. Nc7+ Kf8 11. Nxd5 dxe3 12. Nxe3 Bb5 13. Nf3 e6 14.
O-O-O Nf6 15. Bd3 Bh6 16. Nd4 Ng4 17. Bxb5 Nxf2 18. Bc6 Bxe3+ 19. Kc2 Rc8 0-1

[Event "2016 Northern Alberta Open"]
[Site "Edmonton"]
[Date "2016.02.28"]
[Round "5.5"]
[White "Jawad, Atheer"]
[Black "Findlay, Ian"]
[Result "0-1"]
[WhiteElo "1817"]
[BlackElo "2275"]
[PlyCount "128"]
[EventDate "2016.02.27"]
[EventType "swiss"]
[EventRounds "5"]
[EventCountry "CAN"]

1. d4 Nf6 2. c4 e6 3. Nf3 Bb4+ 4. Bd2 a5 5. a3 Be7 6. Nc3 d5 7. Bf4 O-O 8. e3
Nbd7 9. cxd5 exd5 10. Nb5 Ne8 11. Bd3 c6 12. Nc3 Ndf6 13. O-O Nd6 14. Qc2 Re8
15. Ne5 Bf8 16. Bg5 h6 17. Bh4 g6 18. f3 Bg7 19. b3 Bf5 20. Rae1 Bxd3 21. Nxd3
Nf5 22. Bf2 h5 23. Nf4 Qd6 24. a4 Nxd4 25. Qd1 Nf5 26. Qd3 d4 27. Ne4 Nxe4 28.
fxe4 dxe3 29. Rxe3 Qxd3 30. Rxd3 Rxe4 31. Bb6 Bd4+ 32. Bxd4 Nxd4 33. Nh3 Rd8
34. Kf2 Rde8 35. Ng1 Rf4+ 36. Nf3 Nxf3 37. gxf3 Re5 38. Rc1 Rh4 39. Kg3 Rb4 40.
Rcc3 Re6 41. Rd8+ Kg7 42. Ra8 b6 43. Ra7 c5 44. Rc7 g5 45. Rd7 Kg6 46. Rdd3 Rf6
47. h3 Re6 48. Rc4 Re2 49. Rxb4 axb4 50. h4 f6 51. hxg5 Kxg5 52. f4+ Kg6 53.
Kf3 Rc2 54. Ke4 Rc3 55. f5+ Kg5 56. Rd7 Rxb3 57. Rg7+ Kh6 58. Rg6+ Kh7 59. Rxf6
Ra3 60. Kf4 Rxa4 61. Kg5 b3 62. Rc6 b2 63. Rc7+ Kg8 64. Kg6 Rg4+ 0-1